Score 0/16 Timer 01:30
6 Plays Today
% Correct
Lucky the Leprechaun
91.7%
Mariner Moose
90%
Harry the Hawk
85.4%
D-backs Luchador
79.5%
Sparky the Dragon
78%
Orbit
74.4%
Poe
63.7%
Carlton the Bear
59.4%
% Correct
Moon Dog
58.6%
Slider
50.1%
Miles
49.6%
Who Dey
49%
Chomps
36.9%
Nordy
34.8%
Harvey the Hound
29.4%
Champ
26.9%

You're not logged in!

Compare scores with friends on all Sporcle quizzes.
OR
Log In

Sporcle TV

Today on Sporcle TV


Watch our educational content, quiz creation guides, and fun videos on Sporcle TV.

Show Comments

Extras

Top Quizzes Today


Score Distribution

Paid Content

Your Account Isn't Verified!

In order to create a playlist on Sporcle, you need to verify the email address you used during registration. Go to your Sporcle Settings to finish the process.

Report this User

Report this user for behavior that violates our Community Guidelines.

Details: